000 00725nam a2200217 i 4500
001 147202
003 ES-MaACL
005 20240524063000.0
007 t|
008 070924s1930 fr ||||1| fre d
100 1 _aTurguenev, Ivan Sergueevich,
_d1818-1883
_9133416
245 1 0 _aAssia
_b= Ac? /
_cIvan Tourgueniev ; texte russe integral avec en regard la traduction française de M. Prokhnitskaia.
260 _aParis :
_bPayot,
_c1930.
300 _a193 p. ;
_c13 cm.
490 1 _aCollection des deux textes
500 _aTexto en ruso y francés.
700 1 _aProkhnistskaia, M.
_994024
830 0 _aCollection des deux textes
_9182593
852 _aES-MaACL
_jA-2253
999 _c147202
_d147202